000 00416 a2200157 4500
001 74890
020 _a9788508114085
040 _cAnchieta - Colégio São Paulo
100 _aBrezina, Thomas
240 1 0 _aQuem vai desvendar o mistério no jardim de Monet?
_lpor
245 1 0 _aQuem vai desvendar o mistério no jardim de Monet?
300 _a112
362 0 _a2012
650 4 _aLiteratura juvenil
942 _cBK
999 _c74890
_d74890